[Event "DEM U12/U12w 2004"]
[Site "Willingen GER"]
[Date "2004.06.05"]
[Round "11"]
[White "Weber, Raphael"]
[Black "Dinger, Solvejg"]
[Result "1/2-1/2"]
[Termination "normal"]
[Board "26"]
[WhiteElo "1471"]
[BlackElo "1329"]
[PlyCount "120"]
[WhiteFideId "24644110"]
[EventCountry "GER"]
[EventRounds "11"]
[EventType "swiss"]
[EventDate "2004.05.29"]

1. e4 e5 2. Bc4 Nf6 3. d3 d5 4. exd5 Nxd5 5. Nf3 Nc6 6. O-O Bg4 7. Nbd2 Qd6 8.
c3 O-O-O 9. Qc2 Qg6 10. Kh1 a6 11. b4 Nb6 12. a4 Nxc4 13. Nxc4 Bxf3 14. gxf3
Qxd3 15. Qxd3 Rxd3 16. Bb2 f6 17. b5 axb5 18. axb5 Nb8 19. Kg2 Bc5 20. Rfe1
Rhd8 21. Re4 g5 22. h4 h6 23. hxg5 hxg5 24. Rh1 c6 25. bxc6 Nxc6 26. Rh6 Rf8
27. Re1 b5 28. Ne3 Rd2 29. Ba1 Ra2 30. Kg3 b4 31. cxb4 Nxb4 32. Rf1 Nc2 33.
Nxc2 Rxc2 34. Rh2 Kd7 35. Rd1+ Ke6 36. Rb1 Kf5 37. Rb3 Rd8 38. Rc3 Rxc3 39.
Bxc3 Rd1 40. Ba5 Rg1+ 41. Rg2 Rxg2+ 42. Kxg2 g4 43. Bd2 gxf3+ 44. Kxf3 e4+ 45.
Kg3 Bd6+ 46. Kh3 Bf4 47. Bc3 Kg5 48. Kg2 Be5 49. Bd2+ Kg4 50. Be3 f5 51. Bb6 f4
52. Bc5 f3+ 53. Kg1 Kf5 54. Be3 Ke6 55. Bc5 Kd5 56. Be3 Kc4 57. Kf1 Kd3 58. Ke1
Bc3+ 59. Kd1 Bd4 60. Bxd4 Kxd4 1/2-1/2

[Event "DEM U12/U12w 2004"]
[Site "Willingen GER"]
[Date "2004.06.05"]
[Round "11"]
[White "Dalakian, Haroutioun"]
[Black "Gersch, Andre"]
[Result "1/2-1/2"]
[Termination "normal"]
[Board "27"]
[WhiteElo "1294"]
[BlackElo "1433"]
[PlyCount "52"]
[WhiteFideId "24632058"]
[EventCountry "GER"]
[EventRounds "11"]
[EventType "swiss"]
[EventDate "2004.05.29"]

1. d4 e6 2. Nf3 d5 3. e3 Nf6 4. Bd3 c5 5. c3 Nc6 6. O-O c4 7. Bc2 Bd6 8. Nbd2
Qc7 9. e4 dxe4 10. Nxe4 Nxe4 11. Bxe4 O-O 12. Qc2 f5 13. Bxc6 Qxc6 14. Ne5 Bxe5
15. dxe5 b5 16. f4 Bb7 17. Be3 Qe8 18. Bc5 Rf7 19. Bd6 Rd7 20. Qf2 Qg6 21. Qg3
Qxg3 22. hxg3 a5 23. a3 Rc8 24. Rac1 a4 25. Kf2 Kf7 26. Rh1 h6 1/2-1/2

[Event "DEM U12/U12w 2004"]
[Site "Willingen GER"]
[Date "2004.06.05"]
[Round "11"]
[White "Park, Johannes"]
[Black "Frey, Alisa"]
[Result "1-0"]
[Termination "normal"]
[Board "28"]
[WhiteElo "1433"]
[BlackElo "1233"]
[PlyCount "127"]
[BlackFideId "24634662"]
[EventCountry "GER"]
[EventRounds "11"]
[EventType "swiss"]
[EventDate "2004.05.29"]

1. d4 d5 2. c4 e6 3. Nc3 Nf6 4. Bg5 Nbd7 5. cxd5 exd5 6. e3 c6 7. Bd3 Be7 8.
Nge2 O-O 9. O-O Re8 10. Qc2 Nf8 11. Rab1 Ng6 12. b4 a6 13. a4 Bd7 14. a5 Bd6
15. Na4 Bg4 16. Ng3 h6 17. Bxg6 hxg5 18. Bf5 Rb8 19. Nc5 Qc7 20. Rfe1 Re7 21.
Bxg4 Nxg4 22. Qf5 Nh6 23. Qxg5 f6 24. Qg6 Bxc5 25. dxc5 Rbe8 26. Red1 Qd7 27.
Rd4 Qe6 28. Rh4 Kf8 29. Rd1 Qf7 30. Qxf7+ Kxf7 31. h3 Kf8 32. Rf4 Rf7 33. Rfd4
g6 34. e4 dxe4 35. Nxe4 Rb8 36. Rd7 f5 37. Ng5 Re7 38. Rxe7 Kxe7 39. Rd6 Rg8
40. f4 Rg7 41. Kf2 Ng8 42. Ke3 Nf6 43. Re6+ Kd7 44. Rxf6 Re7+ 45. Kd3 Rg7 46.
Rf7+ Rxf7 47. Nxf7 Ke7 48. Nd6 Ke6 49. Kd4 Kf6 50. Nxb7 g5 51. fxg5+ Kxg5 52.
Ke5 Kg6 53. Nd8 Kg5 54. Nxc6 f4 55. Nd4 Kg6 56. c6 Kf7 57. c7 f3 58. Nxf3 Ke7
59. c8=Q Kf7 60. Qe6+ Kg7 61. Qf6+ Kh7 62. Ng5+ Kg8 63. Qf7+ Kh8 64. Qh7# 1-0

[Event "DEM U12/U12w 2004"]
[Site "Willingen GER"]
[Date "2004.06.05"]
[Round "11"]
[White "Falke, Cynthia"]
[Black "Gröger, Eric"]
[Result "1-0"]
[Termination "normal"]
[Board "29"]
[WhiteElo "1197"]
[BlackElo "1428"]
[PlyCount "75"]
[WhiteFideId "24600644"]
[EventCountry "GER"]
[EventRounds "11"]
[EventType "swiss"]
[EventDate "2004.05.29"]

1. e4 c6 2. d4 d5 3. f3 e6 4. c3 dxe4 5. Qe2 exf3 6. Nxf3 Nf6 7. Nbd2 Nbd7 8.
g3 Be7 9. Bg2 O-O 10. Ne4 Nxe4 11. Qxe4 Nf6 12. Qe2 Re8 13. Bd2 Bf8 14. O-O-O
a5 15. h4 b5 16. Ne5 Nd5 17. Qh5 g6 18. Qf3 Qc7 19. h5 Bg7 20. hxg6 fxg6 21.
Nd3 Bf8 22. Rh2 Re7 23. Rdh1 Rf7 24. Qe2 b4 25. Ne5 Rg7 26. Bh6 Re7 27. Bxf8
Kxf8 28. Bxd5 exd5 29. Qf3+ Ke8 30. Rf1 Kd8 31. Rxh7 Bf5 32. Rh8+ Re8 33. Rxe8+
Kxe8 34. g4 bxc3 35. gxf5 cxb2+ 36. Kb1 gxf5 37. Qh5+ Ke7 38. Qf7+ 1-0

[Event "DEM U12/U12w 2004"]
[Site "Willingen GER"]
[Date "2004.06.05"]
[Round "11"]
[White "Mijatovic, Andrea"]
[Black "Bochis, Julia"]
[Result "1/2-1/2"]
[Termination "normal"]
[Board "30"]
[WhiteElo "1422"]
[BlackElo "1261"]
[PlyCount "80"]
[WhiteFideId "14514524"]
[BlackFideId "24647276"]
[EventCountry "GER"]
[EventRounds "11"]
[EventType "swiss"]
[EventDate "2004.05.29"]

1. e4 e5 2. Nf3 Nf6 3. Nxe5 d6 4. Nf3 Nxe4 5. Bc4 d5 6. Qe2 Be7 7. d3 Nf6 8.
Bb3 O-O 9. O-O c5 10. h3 Nc6 11. Bg5 h6 12. Bh4 Be6 13. Nbd2 Qd7 14. Ne5 Qc7
15. Ndf3 Nd7 16. Nxd7 Qxd7 17. Bxe7 Qxe7 18. Rfe1 Rfe8 19. Ba4 Qc7 20. Qd2 Bd7
21. Qc3 Qb6 22. Bb3 Be6 23. Rad1 d4 24. Qd2 Bxb3 25. axb3 Qb4 26. Re4 Qxd2 27.
Nxd2 Nb4 28. Rxe8+ Rxe8 29. Ne4 b6 30. Rc1 Re6 31. Kf1 Kf8 32. Ng3 Ke7 33. Ne2
Kd7 34. Ke1 Kc6 35. Kd2 Rd6 36. f3 f5 37. g4 fxg4 38. hxg4 Rf6 39. Rf1 Kd5 40.
Ng3 Ke5 1/2-1/2

[Event "DEM U12/U12w 2004"]
[Site "Willingen GER"]
[Date "2004.06.05"]
[Round "11"]
[White "Wolff, Christoph"]
[Black "Sharikow, Alexej"]
[Result "0-1"]
[Termination "normal"]
[Board "31"]
[WhiteElo "1374"]
[BlackElo "1420"]
[PlyCount "75"]
[WhiteFideId "24659495"]
[EventCountry "GER"]
[EventRounds "11"]
[EventType "swiss"]
[EventDate "2004.05.29"]

1. Nc3 c5 2. e4 d6 3. Nge2 Nc6 4. d4 cxd4 5. Nxd4 g6 6. Be3 Nf6 7. f3 Bg7 8.
Qd2 O-O 9. O-O-O Bd7 10. Kb1 Rc8 11. g4 a6 12. h4 Ne5 13. h5 Nxf3 14. Nxf3 Bxg4
15. Be2 Bxh5 16. Bh6 Rxc3 17. bxc3 Nxe4 18. Qe3 Nxc3+ 19. Kc1 Nxa2+ 20. Kb1
Nc3+ 21. Kc1 Nxe2+ 22. Kd2 Ng3 23. Rxh5 Nxh5 24. Rh1 Ng3 25. Bxg7 Nxh1 26. Qh6
f6 27. Bxf8 Qxf8 28. Qxh1 e5 29. Ne1 Qe7 30. Qd5+ Kg7 31. Nd3 h5 32. Nf2 f5 33.
Kd3 h4 34. Nd1 a5 35. Ne3 Qd7 36. Nc4 h3 37. Kd2 h2 38. Nxa5 0-1

[Event "DEM U12/U12w 2004"]
[Site "Willingen GER"]
[Date "2004.06.05"]
[Round "11"]
[White "Völsgen, Georg"]
[Black "Wild, Katharina"]
[Result "1-0"]
[Termination "normal"]
[Board "32"]
[WhiteElo "1456"]
[BlackElo "1249"]
[PlyCount "77"]
[WhiteFideId "24635901"]
[BlackFideId "24678015"]
[EventCountry "GER"]
[EventRounds "11"]
[EventType "swiss"]
[EventDate "2004.05.29"]

1. e4 c6 2. d4 d5 3. e5 Bf5 4. Nf3 e6 5. Be2 Nd7 6. O-O c5 7. c3 Ne7 8. a3 Nc6
9. b4 cxd4 10. cxd4 a5 11. b5 Ne7 12. a4 Nb6 13. Be3 h6 14. Nbd2 Ng6 15. Qb3
Be7 16. Rfc1 Rc8 17. Nf1 O-O 18. Ng3 Bg4 19. h3 Bxf3 20. Bxf3 Nc4 21. Nf1 Bg5
22. Be2 Nb6 23. Rxc8 Nxc8 24. Qc3 Nf4 25. Bf3 f6 26. h4 fxe5 27. hxg5 Qxg5 28.
Bxf4 exd4 29. Bxg5 dxc3 30. Be3 Nd6 31. Rc1 Rc8 32. Bf4 Nf5 33. Be5 d4 34. g4
Rc5 35. gxf5 Rxe5 36. fxe6 Kf8 37. Bxb7 Rxe6 38. Ng3 Ke7 39. Ne4 1-0

[Event "DEM U12/U12w 2004"]
[Site "Willingen GER"]
[Date "2004.06.05"]
[Round "11"]
[White "Huhnstock, Rico"]
[Black "Jebtchouk, Dimitrij"]
[Result "1-0"]
[Termination "normal"]
[Board "33"]
[WhiteElo "1449"]
[BlackElo "1235"]
[PlyCount "47"]
[WhiteFideId "24642932"]
[EventCountry "GER"]
[EventRounds "11"]
[EventType "swiss"]
[EventDate "2004.05.29"]

1. e4 e5 2. Nf3 Nc6 3. Bc4 Bc5 4. c3 Nf6 5. d4 exd4 6. cxd4 Bb4+ 7. Bd2 Bxd2+
8. Nbxd2 O-O 9. O-O d5 10. exd5 Nxd5 11. Nb3 Bg4 12. Re1 a6 13. g3 b5 14. Bf1
Qf6 15. Bg2 Rae8 16. Rxe8 Rxe8 17. h3 Bh5 18. a3 Re4 19. Qd3 Bg6 20. Qd2 Bh5
21. Qd3 Qf5 22. g4 Bxg4 23. hxg4 Qxg4 24. Nh2 1-0

[Event "DEM U12/U12w 2004"]
[Site "Willingen GER"]
[Date "2004.06.05"]
[Round "11"]
[White "Müller, Anna-Louise"]
[Black "Schnieber, Jacqueline"]
[Result "1-0"]
[Termination "normal"]
[Board "34"]
[WhiteElo "1349"]
[BlackElo "1140"]
[PlyCount "115"]
[WhiteFideId "4633512"]
[EventCountry "GER"]
[EventRounds "11"]
[EventType "swiss"]
[EventDate "2004.05.29"]

1. e4 e5 2. Nf3 Nc6 3. Nc3 Nf6 4. d4 exd4 5. Nxd4 Be7 6. Nxc6 bxc6 7. e5 Nd5 8.
Nxd5 cxd5 9. Qxd5 Rb8 10. Bc4 O-O 11. O-O c6 12. Qf3 Rb6 13. Bb3 Bg5 14. Re1
Bb7 15. Qg4 Bxc1 16. Raxc1 Qc7 17. Re3 c5 18. Rd1 Rg6 19. Qxd7 Rxg2+ 20. Kf1
Qb6 21. Rd6 Qb4 22. c3 Qf4 23. Re2 Qxh2 24. Ke1 Rg1+ 25. Kd2 Qf4+ 26. Kd3 Bf3
27. Re3 c4+ 28. Bxc4 Rd1+ 29. Kc2 Rxd6 30. Qxd6 Qxc4 31. b3 Qf4 32. Qd4 Qf5+
33. Kb2 h5 34. c4 h4 35. Qxh4 g5 36. Qd4 Bg4 37. Rg3 Bf3 38. Qe3 Bg4 39. f3
Bxf3 40. Rxg5+ Qg6 41. Rxg6+ fxg6 42. Qg5 Be4 43. Qe3 Bf3 44. e6 Bc6 45. Qxa7
Ra8 46. Qf7+ Kh8 47. e7 g5 48. Qh5+ Kg8 49. Qxg5+ Kh8 50. Qh6+ Kg8 51. Qxc6 Rf8
52. exf8=R+ Kxf8 53. Qb7 Ke8 54. a4 Kd8 55. a5 Ke8 56. a6 Kf8 57. a7 Ke8 58.
a8=R# 1-0

[Event "DEM U12/U12w 2004"]
[Site "Willingen GER"]
[Date "2004.06.05"]
[Round "11"]
[White "Kopp, Nico"]
[Black "Gremmer, Jan"]
[Result "1-0"]
[Termination "normal"]
[Board "35"]
[WhiteElo "1336"]
[BlackElo "1240"]
[PlyCount "111"]
[WhiteFideId "24608092"]
[EventCountry "GER"]
[EventRounds "11"]
[EventType "swiss"]
[EventDate "2004.05.29"]

1. e4 e5 2. Nf3 Nc6 3. Bc4 Bc5 4. c3 Nf6 5. d4 exd4 6. cxd4 Bb4+ 7. Nc3 Nxe4 8.
O-O Bxc3 9. d5 O-O 10. bxc3 Ne7 11. Ng5 Nxg5 12. Bxg5 d6 13. Re1 Re8 14. Qe2 f6
15. Bh4 Bd7 16. Qh5 Qc8 17. Bd3 h6 18. h3 Nf5 19. Bxf5 Rxe1+ 20. Rxe1 Bxf5 21.
Re7 Qf8 22. Rxc7 b6 23. Qxf5 Qe8 24. Qe6+ Qxe6 25. dxe6 Re8 26. e7 Kf7 27. Rxa7
Rxe7 28. Rxe7+ Kxe7 29. f4 Ke6 30. Bf2 b5 31. g4 Kd5 32. Bd4 Ke4 33. f5 Kf4 34.
Kf2 Ke4 35. Kg3 b4 36. Kf2 bxc3 37. Bxc3 d5 38. a4 d4 39. Bb4 Kd5 40. a5 Kc6
41. Ke2 Kb5 42. Kd3 Kc6 43. Kxd4 Kb5 44. Kd5 Ka6 45. Ke6 Kb7 46. Kf7 Kc7 47.
Kxg7 Kd7 48. Kxf6 Kc7 49. Ke7 Kc6 50. f6 Kc7 51. f7 Kc6 52. f8=Q Kb5 53. Kd7
Ka6 54. Kc6 Ka7 55. Bc5+ Ka6 56. Qa8# 1-0

[Event "DEM U12/U12w 2004"]
[Site "Willingen GER"]
[Date "2004.06.05"]
[Round "11"]
[White "Pantusenko, Valeria"]
[Black "Spangenberg, Pia"]
[Result "1-0"]
[Termination "normal"]
[Board "36"]
[WhiteElo "1217"]
[BlackElo "1264"]
[PlyCount "99"]
[WhiteFideId "4662920"]
[BlackFideId "4627989"]
[EventCountry "GER"]
[EventRounds "11"]
[EventType "swiss"]
[EventDate "2004.05.29"]

1. e4 e5 2. Nc3 Nf6 3. f4 d6 4. Nf3 Nbd7 5. d4 Qe7 6. Bd3 g6 7. O-O Bg7 8. Qe2
O-O 9. f5 b6 10. Nb5 Qd8 11. Ng5 Bb7 12. fxg6 hxg6 13. Qf3 a6 14. Qh3 axb5 15.
Bf4 Re8 16. Be3 exd4 17. Bxd4 Nh5 18. Bxg7 Kxg7 19. Rxf7+ Kg8 20. Ne6 Qc8 21.
Raf1 Bc6 22. Qg4 Ne5 23. Qg5 Qxe6 24. Rxc7 Nxd3 25. cxd3 Bxe4 26. dxe4 Qxe4 27.
Qxb5 Qd4+ 28. Kh1 Rec8 29. Re7 Ra5 30. Re8+ Rxe8 31. Qxe8+ Kh7 32. Qe7+ Kh6 33.
Qf8+ Ng7 34. Qf3 Rf5 35. Qh3+ Rh5 36. Qf3 Nf5 37. g4 Rh4 38. gxf5 gxf5 39. Qxf5
Rg4 40. Qf6+ Qxf6 41. Rxf6+ Rg6 42. Rxg6+ Kxg6 43. Kg2 d5 44. Kf3 Kg5 45. Ke3
Kh4 46. Kd4 Kh3 47. Kxd5 Kxh2 48. Kc6 Kg3 49. Kxb6 Kf4 50. a4 1-0

[Event "DEM U12/U12w 2004"]
[Site "Willingen GER"]
[Date "2004.06.05"]
[Round "11"]
[White "Becher, Anne"]
[Black "Kammrad, Carolin"]
[Result "1-0"]
[Termination "normal"]
[Board "37"]
[WhiteElo "1259"]
[BlackElo "1177"]
[PlyCount "63"]
[EventCountry "GER"]
[EventRounds "11"]
[EventType "swiss"]
[EventDate "2004.05.29"]

1. c4 c5 2. Nf3 Nf6 3. d4 cxd4 4. Nxd4 Nc6 5. Nc2 e6 6. Nc3 Be7 7. g3 O-O 8.
Bg2 d6 9. O-O Qd7 10. Bg5 h6 11. Be3 b6 12. b4 Bb7 13. Rb1 Ne5 14. Bxb7 Qxb7
15. c5 dxc5 16. bxc5 Rfd8 17. Qc1 Qc8 18. Na4 bxc5 19. Na3 c4 20. Bf4 Bxa3 21.
Qxa3 Ned7 22. Rfc1 Nd5 23. Bd6 N7f6 24. Be5 Qc6 25. Nb2 Nb6 26. Bxf6 gxf6 27.
Qc3 Rac8 28. Qxf6 Na4 29. Nxc4 Qd5 30. Ne5 Qxa2 31. Qxf7+ Kh8 32. Ng6# 1-0

[Event "DEM U12/U12w 2004"]
[Site "Willingen GER"]
[Date "2004.06.05"]
[Round "11"]
[White "Kamrla, Robin"]
[Black "Yakovenko, Oleg"]
[Result "1-0"]
[Termination "normal"]
[Board "38"]
[WhiteElo "1435"]
[BlackElo "1365"]
[PlyCount "111"]
[BlackFideId "4696000"]
[EventCountry "GER"]
[EventRounds "11"]
[EventType "swiss"]
[EventDate "2004.05.29"]

1. e4 c5 2. Nf3 Nc6 3. d4 cxd4 4. Nxd4 Nf6 5. Nc3 e6 6. Ndb5 d6 7. Be3 a6 8.
Nd4 Be7 9. f4 Qc7 10. Qd2 O-O 11. O-O-O Rd8 12. h3 b5 13. g4 e5 14. Nxc6 Qxc6
15. Bg2 Qc7 16. g5 Ne8 17. Nd5 Qb7 18. fxe5 Kf8 19. Nxe7 Qxe7 20. exd6 Qe6 21.
e5 Qxa2 22. Qb4 Bd7 23. Bxa8 Rxa8 24. Qa3 Qc4 25. Qb3 Qxb3 26. cxb3 Rc8+ 27.
Kb1 Bf5+ 28. Ka1 Bd7 29. Rc1 Ra8 30. Rhd1 a5 31. Rc2 a4 32. b4 a3 33. Rf2 g6
34. e6 Bxe6 35. d7 axb2+ 36. Kxb2 Ke7 37. Bc5+ Kd8 38. Bb6+ Ke7 39. d8=Q+ Rxd8
40. Rxd8 f5 41. gxf6+ Nxf6 42. Rh8 Bxh3 43. Rxf6 Kxf6 44. Rxh7 g5 45. Rxh3 Kf5
46. Rc3 g4 47. Rc5+ Kf4 48. Rxb5 g3 49. Ra5 g2 50. Bc5 g1=Q 51. Bxg1 Ke4 52. b5
Kd3 53. b6 Kc4 54. b7 Kd3 55. b8=Q Kc4 56. Qb5# 1-0

[Event "DEM U12/U12w 2004"]
[Site "Willingen GER"]
[Date "2004.06.05"]
[Round "11"]
[White "Simonow, Andrej"]
[Black "Voss, Chantal"]
[Result "1-0"]
[Termination "normal"]
[Board "39"]
[WhiteElo "1370"]
[BlackElo "1247"]
[PlyCount "75"]
[WhiteFideId "24637637"]
[BlackFideId "4664906"]
[EventCountry "GER"]
[EventRounds "11"]
[EventType "swiss"]
[EventDate "2004.05.29"]

1. Nf3 Nf6 2. d4 d5 3. c4 e6 4. Nc3 Be7 5. Bg5 O-O 6. e3 h6 7. Bh4 b6 8. Bd3
Bb7 9. O-O Nbd7 10. Rc1 Rc8 11. Bg3 c5 12. cxd5 exd5 13. Nb5 a6 14. Nd6 Bxd6
15. Bxd6 Re8 16. Bf5 Ne4 17. Bf4 Qe7 18. Ne5 Rcd8 19. Nxd7 Rxd7 20. Bxd7 Qxd7
21. f3 Nf6 22. dxc5 bxc5 23. Rxc5 g5 24. Bg3 Qe7 25. Rc3 Nd7 26. Re1 Qf6 27.
Rc7 Bc8 28. Qc2 Qd8 29. Rc1 Nb6 30. Qc6 Nc4 31. b3 Na5 32. Qc3 Bf5 33. Qxa5
Rxe3 34. Rc8 Qxc8 35. Rxc8+ Bxc8 36. Qd8+ Kg7 37. Qxc8 a5 38. Qc5 1-0

[Event "DEM U12/U12w 2004"]
[Site "Willingen GER"]
[Date "2004.06.05"]
[Round "11"]
[White "Sancar, Kenan"]
[Black "Hoffmann, Cara"]
[Result "1-0"]
[Termination "normal"]
[Board "40"]
[WhiteElo "1367"]
[BlackElo "922"]
[PlyCount "105"]
[WhiteFideId "24647543"]
[EventCountry "GER"]
[EventRounds "11"]
[EventType "swiss"]
[EventDate "2004.05.29"]

1. e4 c5 2. Nf3 d6 3. d4 cxd4 4. Nxd4 Nf6 5. Nc3 g6 6. Be3 Bg7 7. f3 Nc6 8. Qd2
O-O 9. Bc4 Bd7 10. Bb3 Rc8 11. O-O-O Ne5 12. Kb1 Nc4 13. Bxc4 Rxc4 14. h4 Qa5
15. g4 Rfc8 16. g5 Nh5 17. Nd5 Qd8 18. Ne2 e6 19. Ndf4 Nxf4 20. Nxf4 Rxc2 21.
Qxc2 Rxc2 22. Kxc2 Ba4+ 23. b3 Qc7+ 24. Kd2 Qc3+ 25. Ke2 Bb5+ 26. Kf2 Qc2+ 27.
Rd2 Qc3 28. Rxd6 Be5 29. Rd8+ Kg7 30. Rhd1 Bxf4 31. Bd4+ Qxd4+ 32. R1xd4 Bc7
33. Ke3 Bxd8 34. Rxd8 h6 35. e5 hxg5 36. hxg5 a6 37. f4 Bc6 38. Kd4 b6 39. Rd6
Bf3 40. Rxb6 a5 41. Ra6 Bg4 42. Rxa5 Bf5 43. b4 Kf8 44. b5 Ke8 45. Ra7 Kd8 46.
b6 Kc8 47. Kc5 Bh3 48. Kd6 Bg2 49. Rxf7 Bd5 50. a4 Kb8 51. a5 Kc8 52. a6 Kb8
53. Rf8# 1-0

[Event "DEM U12/U12w 2004"]
[Site "Willingen GER"]
[Date "2004.06.05"]
[Round "11"]
[White "Mätzig, Lara Annabelle"]
[Black "Döring, Julia"]
[Result "1-0"]
[Termination "normal"]
[Board "41"]
[WhiteElo "1136"]
[BlackElo "1321"]
[PlyCount "45"]
[EventCountry "GER"]
[EventRounds "11"]
[EventType "swiss"]
[EventDate "2004.05.29"]

1. e4 c5 2. Nf3 d6 3. d4 cxd4 4. Nxd4 Nf6 5. Nc3 g6 6. Be3 Bg7 7. f3 Nc6 8. Qd2
O-O 9. O-O-O d5 10. Kb1 dxe4 11. Nxe4 Nxe4 12. fxe4 Qc7 13. Be2 a6 14. g4 Rd8
15. c3 e5 16. h4 exd4 17. cxd4 Qd7 18. h5 Re8 19. hxg6 fxg6 20. Bc4+ Kh8 21.
Qh2 Bf6 22. e5 Bd8 23. Qxh7+ 1-0

[Event "DEM U12/U12w 2004"]
[Site "Willingen GER"]
[Date "2004.06.05"]
[Round "11"]
[White "Tantzen, Cedric"]
[Black "Aslan, Benjamin"]
[Result "0-1"]
[Termination "normal"]
[Board "42"]
[WhiteElo "1266"]
[BlackElo "1232"]
[PlyCount "40"]
[WhiteFideId "24640018"]
[BlackFideId "24640298"]
[EventCountry "GER"]
[EventRounds "11"]
[EventType "swiss"]
[EventDate "2004.05.29"]

1. e4 e5 2. Nf3 Nc6 3. Bb5 a6 4. Ba4 Nf6 5. Nc3 b5 6. Bb3 Bc5 7. Nxe5 Bxf2+ 8.
Kxf2 Nxe5 9. h3 c5 10. Bd5 Nxd5 11. Nxd5 Qh4+ 12. g3 Qxe4 13. Nc7+ Kd8 14. Nxa8
Bb7 15. Rg1 Qd4+ 16. Kf1 Nf3 17. Rg2 Re8 18. c3 Qd3+ 19. Re2 Ng1 20. Kxg1 Rxe2
0-1

[Event "DEM U12/U12w 2004"]
[Site "Willingen GER"]
[Date "2004.06.05"]
[Round "11"]
[White "Hort, Maria"]
[Black "Dürre, Gregor"]
[Result "1-0"]
[Termination "normal"]
[Board "43"]
[WhiteElo "1082"]
[BlackElo "1370"]
[PlyCount "75"]
[EventCountry "GER"]
[EventRounds "11"]
[EventType "swiss"]
[EventDate "2004.05.29"]

1. e4 c5 2. Nf3 Nc6 3. Nc3 d6 4. d3 e6 5. g3 Nf6 6. Bg2 Be7 7. O-O O-O 8. Kh1
d5 9. exd5 exd5 10. Ng1 Bg4 11. f3 Be6 12. h4 Nd7 13. Nh3 h6 14. Nf4 Nf6 15.
Re1 Qd7 16. Nxe6 fxe6 17. Bh3 Nd8 18. Bd2 Nh5 19. Kh2 Qd6 20. f4 Nf6 21. Nb5
Qc6 22. a4 a6 23. Nc3 Re8 24. Qf3 Bd6 25. Re2 d4 26. Ne4 e5 27. Nxf6+ gxf6 28.
Qg4+ Kh7 29. Qf5+ Kg7 30. fxe5 Bxe5 31. Qg4+ Kh7 32. Qh5 Kg8 33. Qg6+ Kh8 34.
Qxh6+ Kg8 35. Rae1 Qc7 36. Re4 Qh7 37. Rg4+ Kh8 38. Qxf6+ 1-0

[Event "DEM U12/U12w 2004"]
[Site "Willingen GER"]
[Date "2004.06.05"]
[Round "11"]
[White "Wisheckel, Lena"]
[Black "Hohmann, Louisa"]
[Result "0-1"]
[Termination "normal"]
[Board "44"]
[WhiteElo "1259"]
[BlackElo "1339"]
[PlyCount "50"]
[WhiteFideId "24691992"]
[EventCountry "GER"]
[EventRounds "11"]
[EventType "swiss"]
[EventDate "2004.05.29"]

1. e4 e6 2. d4 d5 3. Nc3 Nf6 4. Bg5 Be7 5. Bxf6 Bxf6 6. e5 Be7 7. Nce2 c5 8. c3
Nc6 9. Nf3 O-O 10. g3 Bd7 11. Bg2 Qb6 12. b3 cxd4 13. cxd4 Bb4+ 14. Kf1 f6 15.
exf6 Rxf6 16. Qc2 Raf8 17. Ng5 Rxf2+ 18. Kg1 g6 19. Qd3 Rxe2 20. Nf3 Re4 21. a3
Bd6 22. Rd1 e5 23. Rf1 Nxd4 24. Nxd4 Rxd4 25. Rxf8+ Bxf8 0-1

[Event "DEM U12/U12w 2004"]
[Site "Willingen GER"]
[Date "2004.06.05"]
[Round "11"]
[White "Eckoldt, Katja"]
[Black "Prosch, Julia"]
[Result "0-1"]
[Termination "normal"]
[Board "45"]
[WhiteElo "1056"]
[BlackElo "1300"]
[PlyCount "100"]
[EventCountry "GER"]
[EventRounds "11"]
[EventType "swiss"]
[EventDate "2004.05.29"]

1. e4 c5 2. Nc3 Nc6 3. d3 g6 4. g3 Bg7 5. Bg2 Nf6 6. f4 d6 7. Nf3 O-O 8. O-O
Qb6 9. Rb1 Ng4 10. Bd2 c4+ 11. Kh1 Nf2+ 12. Rxf2 Qxf2 13. Qf1 Qxf1+ 14. Rxf1
Nd4 15. Nxd4 Bxd4 16. dxc4 Bg4 17. b3 Bxc3 18. Bxc3 Rac8 19. Bf3 Bh3 20. Bg2
Bxg2+ 21. Kxg2 b5 22. Bd4 bxc4 23. Bxa7 cxb3 24. cxb3 Rc2+ 25. Bf2 Rxa2 26. Rb1
Re8 27. Kg1 Rea8 28. b4 Ra1 29. Re1 Rxe1+ 30. Bxe1 Rb8 31. Kf2 Kf8 32. Ke3 Ke8
33. Kd4 Kd7 34. Kc4 Kc6 35. Kb3 d5 36. exd5+ Kxd5 37. Kc3 f6 38. Kd3 e5 39.
fxe5 fxe5 40. Ke3 Rf8 41. Bf2 e4 42. Be1 Rf3+ 43. Ke2 Rb3 44. Bd2 Kd4 45. b5
Rxb5 46. Be3+ Kd5 47. g4 Rb2+ 48. Bd2 Kd4 49. Kd1 Kd3 50. Bc1 Rxh2 0-1

[Event "DEM U12/U12w 2004"]
[Site "Willingen GER"]
[Date "2004.06.05"]
[Round "11"]
[White "Stognief, Ole"]
[Black "Knöchel, Sarah"]
[Result "0-1"]
[Termination "normal"]
[Board "46"]
[WhiteElo "1292"]
[BlackElo "1211"]
[PlyCount "80"]
[EventCountry "GER"]
[EventRounds "11"]
[EventType "swiss"]
[EventDate "2004.05.29"]

1. e4 e5 2. Nf3 Nc6 3. Bc4 Nf6 4. d3 Bc5 5. Nc3 d6 6. O-O a6 7. Bg5 h6 8. Bd2
Bg4 9. Be3 Ba7 10. Nd5 Nxd5 11. Bxd5 Bxe3 12. fxe3 Qd7 13. Qe2 O-O-O 14. c3 Kb8
15. d4 Rdf8 16. b4 Ne7 17. Bb3 Ng6 18. Qf2 f5 19. Bc2 f4 20. d5 Qe7 21. c4 Bxf3
22. Qxf3 Qg5 23. Rae1 Nh4 24. Qh3 f3 25. g4 h5 26. Qg3 Rf7 27. h3 Rhf8 28. Rf2
Ng2 29. Ref1 Nxe3 30. Rb1 Nxc2 31. Rxc2 f2+ 32. Kf1 Rf3 33. Qg2 Qe3 34. Re2 Qd3
35. Rc1 Rg3 36. Qxf2 Rxf2+ 37. Kxf2 Qf3+ 38. Ke1 Rg1+ 39. Kd2 Rxc1 40. Kxc1
Qxe2 0-1

[Event "DEM U12/U12w 2004"]
[Site "Willingen GER"]
[Date "2004.06.05"]
[Round "11"]
[White "Dietrich, Stefan"]
[Black "Dannhorn, Anna"]
[Result "1-0"]
[Termination "normal"]
[Board "47"]
[WhiteElo "1176"]
[BlackElo "1085"]
[PlyCount "67"]
[EventCountry "GER"]
[EventRounds "11"]
[EventType "swiss"]
[EventDate "2004.05.29"]

1. e4 e5 2. Nf3 Nc6 3. d4 exd4 4. Bc4 Bc5 5. O-O Nf6 6. e5 d5 7. exd6 Qxd6 8.
Re1+ Ne7 9. Nbd2 O-O 10. Nb3 Nf5 11. Nxc5 Qxc5 12. Bd3 Be6 13. Bxf5 Bxf5 14.
Nxd4 Rad8 15. c3 Bg4 16. Qc2 Rfe8 17. Be3 Bh5 18. Ne6 Qc6 19. Nxd8 Rxd8 20. f3
b6 21. Rad1 Rf8 22. b4 a6 23. Bg5 Bg6 24. Qf2 Qxc3 25. Qh4 Bc2 26. Bxf6 gxf6
27. Qg3+ Kh8 28. Rc1 Qd4+ 29. Kh1 Bg6 30. Qxc7 Qxb4 31. Qc4 Qb2 32. Qxa6 Re8
33. Rxe8+ Kg7 34. Ree1 1-0

[Event "DEM U12/U12w 2004"]
[Site "Willingen GER"]
[Date "2004.06.05"]
[Round "11"]
[White "Zuyeva, Lisa"]
[Black "Saak, Saskia"]
[Result "1/2-1/2"]
[Termination "normal"]
[Board "48"]
[WhiteElo "1028"]
[BlackElo "1084"]
[PlyCount "77"]
[EventCountry "GER"]
[EventRounds "11"]
[EventType "swiss"]
[EventDate "2004.05.29"]

1. e4 e6 2. Nc3 d5 3. Nf3 Nf6 4. e5 Nfd7 5. d4 c5 6. Be3 Nc6 7. Be2 Qb6 8. Rb1
cxd4 9. Bxd4 Bc5 10. Nb5 Nxd4 11. Nbxd4 Bxd4 12. Nxd4 Nxe5 13. Bb5+ Bd7 14. Be2
O-O 15. O-O Ng6 16. c3 e5 17. Nf3 Nf4 18. Nxe5 Qe6 19. Bg4 Qxe5 20. Bxd7 Qg5
21. Bg4 Ne6 22. Qe2 Rfe8 23. Qf3 Nf4 24. Qd1 Re2 25. Bf3 Rd8 26. Re1 Rxe1+ 27.
Qxe1 g6 28. Rd1 Qf6 29. Qe3 Qg5 30. Qxa7 b5 31. Qc5 Ra8 32. Bxd5 Nxd5 33. Qxd5
Qxd5 34. Rxd5 Rxa2 35. h3 Rxb2 36. Rd8+ Kg7 37. Rc8 Rc2 38. Rb8 Rxc3 39. Rxb5
1/2-1/2